Beszámoló a Decoding Messages Konferencia – Jó gyakorlatok az európai médiaértés-oktatásban címmel rendezett nemzetközi konferenciáról
"A gyerekek az iskola ellenében is megtanulják a médiahasználatot, és a médiatudatosság bizonyos szintjére is képesek eljutni." (Sebastian Ring, a német JFF médiapedagógiai referense) A Nemzeti Média- és Hírközlési Hatóság (a továbbiakban NMHH) szervezésében először gyűltek össze Magyaror...
Elmentve itt :
| Szerzők: | |
|---|---|
| Dokumentumtípus: | Cikk |
| Megjelent: |
2015
|
| Sorozat: | Iskolakultúra
25 No. 2 |
| Online Access: | http://misc.bibl.u-szeged.hu/41680 |
| LEADER | 01605nab a2200193 i 4500 | ||
|---|---|---|---|
| 001 | misc41680 | ||
| 005 | 20191106140436.0 | ||
| 008 | 180706s2015 hu o 0|| zxx d | ||
| 022 | |a 1215-5233 | ||
| 040 | |a SZTE Miscellanea Repozitórium |b hun | ||
| 041 | |a zxx | ||
| 100 | 1 | |a Herzog Csilla | |
| 245 | 1 | 0 | |a Beszámoló a Decoding Messages Konferencia – Jó gyakorlatok az európai médiaértés-oktatásban címmel rendezett nemzetközi konferenciáról |h [elektronikus dokumentum] / |c Herzog Csilla |
| 260 | |c 2015 | ||
| 300 | |a 76-81 | ||
| 490 | 0 | |a Iskolakultúra |v 25 No. 2 | |
| 520 | 3 | |a "A gyerekek az iskola ellenében is megtanulják a médiahasználatot, és a médiatudatosság bizonyos szintjére is képesek eljutni." (Sebastian Ring, a német JFF médiapedagógiai referense) A Nemzeti Média- és Hírközlési Hatóság (a továbbiakban NMHH) szervezésében először gyűltek össze Magyarországon azok az európai médiaoktatási szakemberek – pedagógusok, felsőoktatási intézmények oktatói, médiaértéssel, tudatos médiahasználattal és tudatos fogyasztói magatartással foglalkozó kutatók, köz- és felsőoktatási területért felelős állami szervezetek döntéshozói, valamint médiaértési területen működő civil szervezetek képviselői –, akik tapasztalataikat a médiatudatosság növelésével kapcsolatos módszerekről osztották meg egymással. A november 24–25-i eseményen több mint 200 érdeklődő vett részt. | |
| 700 | 0 | 1 | |a Racsko Réka |e aut |
| 856 | 4 | 0 | |u http://misc.bibl.u-szeged.hu/41680/1/EPA00011_iskolakultura_2015_02_076-081.pdf |z Dokumentum-elérés |